Právo na ochranu osobných údajov garantuje štát

Zákon č. 52/1998 Z.z. o ochrane osobných údajov nadobudol účinnosť od marca r. 1998. Zriadenie Útvaru inšpekcie osobných údajov, ktorý vedie splnomocnenec vlády. Úlohy splnomocnenca a útvaru. Splnomocnenec úzko spolupracuje so Štatistickým úradom SR. Sankcie a pomoc.

Salvato in:
Dettagli Bibliografici
Autore principale: Andacký, Jozef
Natura: Capitolo di libro
Lingua:slovacco
Soggetti:
Tags: Aggiungi Tag
Nessun Tag, puoi essere il primo ad aggiungerne!!

MARC

LEADER 00000naa a2200000 4500
001 r035281
005 20230921103843.9
041 0 |a slo 
044 |a SK 
245 1 0 |a Právo na ochranu osobných údajov garantuje štát  |c Jozef Andacký 
520 |a Zákon č. 52/1998 Z.z. o ochrane osobných údajov nadobudol účinnosť od marca r. 1998. Zriadenie Útvaru inšpekcie osobných údajov, ktorý vedie splnomocnenec vlády. Úlohy splnomocnenca a útvaru. Splnomocnenec úzko spolupracuje so Štatistickým úradom SR. Sankcie a pomoc. 
610 2 0 |a ochrana práv občanov 
610 2 0 |a ochrana dát 
610 2 0 |a ochrana informácií 
610 2 0 |a štát 
610 2 0 |a zákony 
610 2 0 |a Slovensko 
610 2 0 |a Útvar inšpekcie osobných údajov 
610 2 0 |a ochrana údajov osobných 
100 1 |a Andacký, Jozef